Management of the child with a serious infection or severe malnutrition : (Record no. 4545)

MARC details
000 -LEADER
fixed length control field 01022cam a22003017a 4500
001 - CONTROL NUMBER
control field 12338340
003 - CONTROL NUMBER IDENTIFIER
control field OSt
005 - DATE AND TIME OF LATEST TRANSACTION
control field 20170131200418.0
008 - FIXED-LENGTH DATA ELEMENTS--GENERAL INFORMATION
fixed length control field 001103s2000 sz a b i001 0 eng d
010 ## - LIBRARY OF CONGRESS CONTROL NUMBER
LC control number 2001350078
020 ## - INTERNATIONAL STANDARD BOOK NUMBER
International Standard Book Number 9241545313
020 ## - INTERNATIONAL STANDARD BOOK NUMBER
International Standard Book Number 9241563692
035 ## - SYSTEM CONTROL NUMBER
System control number (DLC)12338340
040 ## - CATALOGING SOURCE
Original cataloging agency LTM
Transcribing agency LTM
Modifying agency DLC
042 ## - AUTHENTICATION CODE
Authentication code nlmcopyc
-- lccopycat
050 00 - LIBRARY OF CONGRESS CALL NUMBER
Classification number RJ370
Item number .M33 2000
082 00 - DEWEY DECIMAL CLASSIFICATION NUMBER
Classification number WA 310
Item number M317w 2000
100 ## - MAIN ENTRY--PERSONAL NAME
Personal name World Health Organization
9 (RLIN) 3669
245 00 - TITLE STATEMENT
Title Management of the child with a serious infection or severe malnutrition :
Remainder of title guidelines for care at the first-referral level in developing countries.
260 ## - PUBLICATION, DISTRIBUTION, ETC. (IMPRINT)
Place of publication, distribution, etc. Geneva :
Name of publisher, distributor, etc. UNICEF,
Date of publication, distribution, etc. 2000.
300 ## - PHYSICAL DESCRIPTION
Extent xiii, 162 p. :
Other physical details ill. ;
Dimensions 30 cm.
504 ## - BIBLIOGRAPHY, ETC. NOTE
Bibliography, etc Includes bibliographical references (p. 123) and index.
650 #0 - SUBJECT ADDED ENTRY--TOPICAL TERM
Topical term or geographic name as entry element Pediatric intensive care.
9 (RLIN) 9740
650 12 - SUBJECT ADDED ENTRY--TOPICAL TERM
Topical term or geographic name as entry element Child nutrition
9 (RLIN) 9741
856 42 - ELECTRONIC LOCATION AND ACCESS
Uniform Resource Identifier http://www.who.int/child-adolescent-health
906 ## - LOCAL DATA ELEMENT F, LDF (RLIN)
a 7
b cbc
c copycat
d 3
e ncip
f 20
g y-gencatlg
942 ## - ADDED ENTRY ELEMENTS (KOHA)
Source of classification or shelving scheme Other/Generic Classification Scheme
Koha item type Open Shelf
Holdings
Withdrawn status Lost status Source of classification or shelving scheme Damaged status Not for loan Home library Current library Date acquired Source of acquisition Inventory number Total Checkouts Full call number Barcode Date last seen Price effective from Koha item type
    Other/Generic Classification Scheme     MUST Main Library MUST Main Library 29/06/2016   2008/29361   WA 310 M317w 2000 2016-2853 29/06/2016 29/06/2016 Open Shelf
    Other/Generic Classification Scheme     MUST Main Library MUST Main Library 29/06/2016   2008/29365   WA 310 M317w 2000 2016-2854 29/06/2016 29/06/2016 Open Shelf
    Other/Generic Classification Scheme     MUST Main Library MUST Main Library 07/07/2016   2008/29362   WA 310 M317w 2000 2016-3024 07/07/2016 07/07/2016 Open Shelf
    Dewey Decimal Classification     MUST Main Library MUST Main Library 28/09/2021 Purchase 04/21332   616.3MAN 2000 2021-1301 28/09/2021 28/09/2021 Open Shelf